| LEADER | 00547nam a2200181 a 4500 | ||
|---|---|---|---|
| 001 | TVCDKTCT3664 | ||
| 003 | Thư viện trường Cao đẳng Kỹ thuật Cao Thắng | ||
| 005 | 20051007000000 | ||
| 008 | 051007 | ||
| 980 | \ | \ | |a Thư viện Trường CĐ Kỹ Thuật Cao Thắng |
| 024 | |a RG_1 #1 eb0 i1 | ||
| 041 | 0 | # | |a vie |
| 082 | # | # | |a 320 / |b ST100L-j |
| 100 | 1 | # | |a J.V Stalin |
| 245 | 0 | 0 | |a J.V Stalin toàn tập. Tập 2(1907-1913) / |c J.V Stalin |
| 260 | # | # | |a H. : |b Sự thật , |c 1986 |
| 300 | # | # | |a 501tr. ; |c 19cm |
| 650 | # | 4 | |a Stalin |